00397nas a2200181 4500000000100000008004100001260001300042653001200055653001100067653001700078653001200095653000900107100001600116245005200132300001000184490000700194022001400201 1983 d c1983 Jun10aAnimals10aHumans10aImmunization10aleprosy10aRats1 aFreerksen E00aSensitization and immunization by mycobacteria. a261-20 v51 a0148-916X